| 000 | 00000nam##2200000za#4500 |
| 001 | 9.558365 |
| 003 | CaOODSP |
| 005 | 20230131161132 |
| 007 | cr ||||||||||| |
| 008 | 150406|2003||||xxc|||||o f|0| 0 eng|d |
| 020 | |a0-662-33586-4 |
| 040 | |aCaOODSP|beng |
| 043 | |an-cn--- |
| 086 | 1 |aM44-2003/B4E-IN |
| 110 | 2 |aGeological Survey of Canada. |
| 245 | 10|aStructural setting of the Cornwallis lead-zinc district, Arctic Islands, Nunavut / |h[electronic resource]|c[by] Keith Dewing and Elizabeth C. Turner. |
| 260 | |aOttawa - Ontario : |bNatural Resources Canada. |c2003. |
| 300 | |a11p.|bfigs., maps, references |
| 490 | 1 |aCurrent research 2003|v2003-B4 |
| 546 | |a(Résumé en français.) |
| 590 | |a14-04-Supp|b2014-02-05 |
| 830 | #0|aCurrent research (Geological Survey of Canada)|v2003-B4|w(CaOODSP)9.506236 |
| 856 | 40|ahttp://publications.gc.ca|qPDF|s4.47 MB|uhttps://publications.gc.ca/collections/collection_2013/rncan-nrcan/M44-2003-B4-eng.pdf|y2003-B4 |